Commercial flower growing
Сохранить в:
| Главный автор: | |
|---|---|
| Формат: | |
| Язык: | английский |
| Опубликовано: |
Wellington
Butterworths Horticultural Books
1985
|
| Предметы: | |
| Метки: |
Добавить метку
Нет меток, Требуется 1-ая метка записи!
|
MARC
| LEADER | 00000nam a2200000 a 4500 | ||
|---|---|---|---|
| 001 | UCV7360 | ||
| 003 | CL-VaPUC | ||
| 008 | 911004e19850000NZ |||||||||||||||||eng|d | ||
| 082 | 0 | 4 | |a 635.9 |b SAL |2 21 |
| 100 | 0 | |a Salinger, John Paiba |e author |9 301459 | |
| 245 | 1 | 0 | |a Commercial flower growing |
| 300 | |a 269 p | ||
| 942 | |c BK | ||
| 945 | |d 19911004 00:00:00 | ||
| 260 | |a Wellington |b Butterworths Horticultural Books |c 1985 | ||
| 650 | 0 | |a Floricultura |9 264401 | |
| 583 | |a last modification |c 19911004 00:00:00 |k Rodrigo Vera | ||
| 999 | |c 213052 |d 213050 | ||